000 02505cam a2200397 i 4500
001 991061729799706706
003 ES-BaIT
005 20260302100556.0
008 260302e20262026fr g 000 d fre c
020 _a9782749817064
_q(rústica)
020 _a2749817064
_q(rústica)
035 _a(OCoLC)1572365329
035 _a(OCoLC)on1572365329
040 _aES-BaIT
_bcat
_erda
_cES-BaIT
080 _a840-2"20"
100 1 _aLamballais, Barbara
_eautor
_9168763
245 1 3 _aLe Procès d'une vie :
_bGisèle, Marie-Claire, Michèle... et les autres /
_cBarbara Lamballais et Karina Testa
264 1 _aParis :
_bL'avant-scène théâtre,
_cjanvier 2026
300 _a77 pàgines ;
_c21 cm.
336 _atext
_btxt
_2rdacontent
337 _asense mediació
_bn
_2rdamedia
338 _avolum
_bnc
_2rdacarrier
490 1 _aL' Avant-scène théâtre ;
_vno 1586
500 _aP24: D17, H17 en P7: D6, H1
500 _aPublicat com no 1586 (janvier 2026) de la revista L'Avant-scène théâtre
500 _aThéâtre des Gémeaux (Avignon) el 5 de juliol de 2025
520 _a"1971, Michèle, Lucette, Renée et Micheline...Toutes viennent du même milieu modeste, certaines sont amies, d'autres ne se connaissent pas encore. Elles n'ont pas les mêmes tempéraments, pas les mêmes croyances, ni les mêmes façons de tenir debout. Mais elles partagent cette même humanité : une volonté féroce d'arracher Marie-Claire, 16 ans et enceinte, au destin que la société veut lui imposer. Ensemble, elles inventent une solidarité clandestine, bravent la loi et aident la jeune fille à avorter. Le jour où elles se retrouvent toutes inculpées, une autre femme entre en scène : maître Gisèle Halimi, bien décidée à transformer leur histoire en un combat collectif qui deviendra le procès d'une vie. Comme un prolongement du geste de Gisèle Halimi et de l'association "Choisir la cause des femmes", Barbara Lamballais et Karina Testa s'inspirent librement de sa vie et du Procès de Bobigny pour retracer comment, de la solidarité et de la détermination collective, peuvent naître les plus grandes victoires." -- Pàgina 4
650 0 _aLitigis
_yS. XX
_vTextos dramàtics
_9168764
650 0 _aEmbaràs
_yS. XX
_vTextos dramàtics
_9168765
650 0 _aAvortament
_yS. XX
_vTextos dramàtics
_9168766
700 1 _aTesta, Karina,
_d1981-
_eautor
_9168767
830 _aAvant-scène.
_pThéâtre
_vno 1586
_9168170
908 _aCDMAE
940 _aOCLC
942 _2udc
_c1
999 _c137175
_d137175